Normal view
MARC view
- Adair , John
Entry Personal Name
001 - CONTROL NUMBER
- control field: 60203
003 - CONTROL NUMBER IDENTIFIER
- control field: NUST
005 - DATE AND TIME OF LATEST TRANSACTION
- control field: 20210628202513.0
008 - FIXED-LENGTH DATA ELEMENTS
- fixed length control field: 210628|| aca||aabn | a|a d
040 ## - CATALOGING SOURCE
- Original cataloging agency: NUST
- Transcribing agency: NUST
100 ## - HEADING--PERSONAL NAME
- Personal name: Adair , John
670 ## - SOURCE DATA FOUND
- Source citation: Work cat.: (NUST): Adair , John, Effective motivation, how to get extraordinary results from everyone, 1996
